[Event "1/64 Finale"]
[Site "www.chess-mail.com"]
[Date "2017.09.25"]
[Round "1"]
[White "Guidom"]
[Black "Bojan"]
[WhiteElo "2140"]
[BlackElo "1990"]
[Result "0-1"]
[Round "1"]
1.e4 e5
2.Ng1f3 Nb8c6
3.Bf1b5 Qd8f6
4.Bb5xc6 dxc6
5.d4 exd4
6.e5 Qf6e6
7.Qd1xd4 b6
8.O-O Bf8c5
9.Qd4f4 Ng8e7
10.Nf3g5 Qe6g6
11.Ng5e4 Ne7d5
12.Qf4f3 Bc8g4
13.Qf3d3 Ra8d8
14.Ne4xc5 Bg4f5
15.Qd3c4 Bf5h3
16.g3 Bh3xf1
17.Kxf1 bxc5
18.Qc4xc5 Rd8d7
19.Nb1a3 Qg6e4
20.Na3c4 Nd5e7
21.Nc4e3 Qe4h1
22.Ke2 O-O
23.b3 Ne7d5
24.Bc1b2 Qh1xh2
25.Ne3c4 Qh2g2
26.Ra1e1 Rf8d8
27.Qc5xa7 Nd5b6
28.Bb2c3 Nb6xc4
29.bxc4 Qg2e4
30.Kf1 Qe4xc4
{ resign }
0-1

[Event "Tourn. n9504"]
[Site "www.chess-mail.com"]
[Date "2017.09.26"]
[Round "1"]
[White "Bojan"]
[Black "Scasan55"]
[WhiteElo "2020"]
[BlackElo "2030"]
[Result "0-1"]
[Round "1"]
1.e4 c5
2.Bf1c4 e6
3.Qd1f3 a6
4.a3 Nb8c6
5.c3 Qd8c7
6.Ng1h3 Ng8f6
7.d3 b5
8.Bc4b3 Bf8e7
9.Bc1e3 Nc6e5
10.Qf3e2 c4
11.Bb3c2 cxd3
12.Bc2xd3 Ne5xd3
13.Qe2xd3 Bc8b7
14.f3 O-O
15.Nb1d2 d5
16.exd5 Nf6xd5
17.Nh3g5 Be7xg5
18.Be3xg5 h6
19.Bg5h4 Qc7b6
20.Bh4f2 Qb6c7
21.O-O Ra8d8
22.Qd3c2 Rd8d7
23.Nd2e4 Nd5b6
24.Ra1d1 Rd7xd1
25.Rf1xd1 Rf8d8
26.Bf2g3 Rd8xd1
27.Qc2xd1 Qc7d7
28.Qd1e2 Qd7d5
29.Ne4d6 Qd5c5
30.Kf1 Bb7d5
31.Qe2d2 Nb6c4
32.Nd6xc4 Qc5xc4
33.Kg1 f6
34.Bg3d6 e5
35.h3 a5
36.Qd2c2 Qc4c6
37.Bd6b8 Qc6b6
38.Kh1 Qb6xb8
39.b4 a4
40.Qc2d2 Qb8b7
41.Qd2d3 Qb7c6
42.Qd3d2 Kf7
43.Kh2 g5
44.Kg3 Kg6
45.h4 gxh4
46.Kxh4 Qc6e6
47.g4 Qe6c6
48.Qd2d3 Kg7
49.Kg3 e4
50.fxe4 Bd5xe4
51.Qd3e3 Qc6d6
52.Kh3 Qd6d3
{ resign }
0-1

[Event "Tourn. n9524"]
[Site "www.chess-mail.com"]
[Date "2017.09.26"]
[Round "1"]
[White "Cjood"]
[Black "Norlavuaram"]
[WhiteElo "2000"]
[BlackElo "2070"]
[Result "0-1"]
[Round "1"]
1.Ng1f3 Ng8f6
2.d4 g6
3.c4 Bf8g7
4.Nb1c3 O-O
5.Qd1c2 d5
6.cxd5 Nf6xd5
7.Nc3xd5 Qd8xd5
8.e3 c6
9.Bf1c4 Qd5h5
10.h3 e5
11.g4 Bc8xg4
12.Nf3xe5 Bg4e6
13.Bc4e2 Qh5h4
14.Be2f1 Nb8d7
15.Ne5xd7 Be6xd7
16.Bc1d2 Bd7f5
17.Qc2b3 Qh4e4
18.Rh1h2 Bg7xd4
19.Bf1g2 Qe4e5
20.f4 Qe5e7
21.O-O-O Bd4b6
22.Bd2b4 Bb6xe3
23.Bb4d2 Qe7c5
24.Qb3c3 Be3xd2
25.Kxd2 Ra8d8
26.Kc1 Rd8xd1
27.Kxd1 Qc5g1
{ resign }
0-1

[Event "Tourn. n9437"]
[Site "www.chess-mail.com"]
[Date "2017.09.26"]
[Round "1"]
[White "Seger"]
[Black "Pdebonis"]
[WhiteElo "2700"]
[BlackElo "2700"]
[Result "1-0"]
[Round "1"]
1.d4 d5
2.c4 c6
3.e3 Bc8f5
4.Nb1c3 e6
5.Ng1f3 Nb8d7
6.Bf1d3 Bf5xd3
7.Qd1xd3 f5
8.cxd5 cxd5
9.Bc1d2 a6
10.Nc3e2 Bf8d6
11.Ne2f4 Qd8e7
12.Qd3b3 Ra8b8
13.h4 Ng8f6
14.Nf3g5 Bd6xf4
15.exf4 Qe7d6
16.O-O h6
17.Ng5f3 Nf6e4
18.Bd2b4 Qd6b6
19.Rf1c1 a5
20.Bb4e1 Qb6xb3
21.axb3 b6
22.Rc1c7 Ne4d6
23.Nf3e5 Nd7xe5
24.dxe5 Nd6f7
25.b4 O-O
26.Rc7e7 Rb8e8
27.Re7xe8 Rf8xe8
28.bxa5 bxa5
29.Ra1xa5 g5
30.Be1d2 gxf4
31.Bd2xf4 Kf8
32.b4 h5
33.b5 Re8c8
34.Ra5a6 Rc8c4
35.g3 Ke7
36.b6 Rc4b4
37.Bf4g5 Nf7xg5
38.hxg5 Kf7
39.f4 Rb4b2
40.Ra6a7 { resign }
1-0

[Event "Tourn. n9518"]
[Site "www.chess-mail.com"]
[Date "2017.09.26"]
[Round "1"]
[White "Norlavuaram"]
[Black "Jesmantiz"]
[WhiteElo "2070"]
[BlackElo "2220"]
[Result "0-1"]
[Round "1"]
1.e4 d6
2.d4 c6
3.Bf1d3 g6
4.Ng1e2 Bf8g7
5.c4 e6
6.Nb1c3 Ng8e7
7.Bc1e3 O-O
8.Qd1d2 e5
9.d5 f5
10.f3 Nb8a6
11.a3 Na6c5
12.Bd3b1 Nc5b3
{ resign }
0-1

[Event "Tourn. n9533"]
[Site "www.chess-mail.com"]
[Date "2017.09.26"]
[Round "1"]
[White "Caspito"]
[Black "Begory"]
[WhiteElo "1870"]
[BlackElo "1809"]
[Result "1-0"]
[Round "1"]
1.e4 e5
2.Ng1f3 Nb8c6
3.Bf1c4 h6
4.c3 Ng8f6
5.Bc4d5 Nf6xd5
6.exd5 Nc6b8
7.Nf3xe5 Bf8c5
8.d4 Qd8f6
9.O-O Bc5d6
10.Rf1e1 Bd6xe5
11.Re1xe5 Kf8
12.Qd1e1 Qf6d8
13.Bc1f4 d6
14.Re5e3 Bc8d7
15.c4 Nb8a6
16.a3 g5
17.Bf4g3 f5
18.Re3b3 f4
19.Rb3f3 c6
20.Qe1e4 cxd5
21.Qe4g6 Qd8e7
22.Nb1c3 Ra8e8
23.h3 Qe7f7
24.Qg6xf7 Kxf7
25.Nc3xd5 Bd7c6
26.Bg3h2 Bc6xd5
27.cxd5 Re8e7
28.g3 Rh8e8
29.gxf4 Kg6
30.f5 Kf6
31.Bh2xd6 Re7e1
32.Ra1xe1 Re8xe1
33.Kg2 Re1e2
34.b4 b5
35.Kg3 Re2d2
36.Bd6e5 Kf7
37.f6 Rd2c2
38.d6 Na6b8
39.Kg4 Nb8d7
40.Kh5 Nd7xe5
41.dxe5 Rc2e2
42.d7 Re2d2
43.e6 Kxe6
44.f7 { resign }
1-0

[Event "Tourn. n9485"]
[Site "www.chess-mail.com"]
[Date "2017.09.26"]
[Round "1"]
[White "Pachi"]
[Black "Azulmarino"]
[WhiteElo "1540"]
[BlackElo "1540"]
[Result "0-1"]
[Round "1"]
1.e4 e5
2.Ng1f3 Bf8c5
3.g3 Ng8f6
4.d3 Nb8c6
5.Bc1g5 h6
6.Bg5xf6 Qd8xf6
7.Bf1g2 Nc6d4
8.Nb1a3 a6
9.c3 Nd4c6
10.O-O d6
11.Nf3h4 h5
12.Na3c2 Bc8g4
13.Qd1d2 O-O
14.d4 exd4
15.cxd4 Bc5b6
16.Ra1e1 Ra8e8
17.b4 Bb6xd4
18.Nc2xd4 Nc6xd4
19.f3 Bg4e6
20.f4 Nd4b5
21.e5 Qf6d8
22.Bg2xb7 Be6h3
23.Rf1f3 Qd8b8
24.Bb7c6 Re8d8
25.Qd2d3 dxe5
26.Qd3e4 Nb5d6
27.Qe4xe5 Qb8xb4
28.Qe5xh5 Qb4d2
29.g4 Qd2xe1
{ resign }
0-1

[Event "Tourn. n9488"]
[Site "www.chess-mail.com"]
[Date "2017.09.26"]
[Round "1"]
[White "Karousek"]
[Black "Fedallah"]
[WhiteElo "2090"]
[BlackElo "2249"]
[Result "0-1"]
[Round "1"]
1.e4 e5
2.Ng1f3 Nb8c6
3.Bf1b5 a6
4.Bb5a4 Ng8f6
5.O-O Bf8e7
6.Rf1e1 b5
7.Ba4b3 O-O
8.h3 d6
9.c3 Nc6a5
10.Bb3c2 c5
11.d4 cxd4
12.cxd4 Na5c6
13.Nb1c3 Rf8e8
14.a3 Bc8b7
15.d5 Nc6b8
16.Bc1e3 Nb8d7
17.Qd1d3 Ra8c8
18.Ra1c1 Nd7b6
19.Be3xb6 Qd8xb6
20.Nc3e2 Nf6d7
21.Ne2g3 g6
22.Qd3d2 Qb6d8
23.Bc2d3 Nd7c5
24.Bd3c2 Nc5d7
25.Bc2d3 Nd7b6
26.b3 Nb6d7
27.Bd3b1 Nd7c5
28.Qd2e3 Rc8c7
29.b4 Nc5d7
30.Rc1xc7 Qd8xc7
31.Re1c1 Qc7b8
32.h4 Nd7f8
33.h5 Re8c8
34.hxg6 hxg6
35.Ng3f1 Rc8xc1
36.Qe3xc1 Qb8c8
37.Qc1xc8 Bb7xc8
38.Nf1e3 Kg7
39.Nf3d2 Be7d8
40.Nd2b3 Bd8b6
41.Nb3a5 Bb6xa5
42.bxa5 Nf8d7
43.Kf1 Nd7c5
44.Bb1c2 Bc8d7
45.a4 bxa4
46.Ne3c4 Bd7b5
{ resign }
0-1

[Event "Tourn. n9503"]
[Site "www.chess-mail.com"]
[Date "2017.09.26"]
[Round "1"]
[White "Cjood"]
[Black "Claudia"]
[WhiteElo "1910"]
[BlackElo "1990"]
[Result "1-0"]
[Round "1"]
1.e4 e6
2.b3 d5
3.Bf1d3 dxe4
4.Bd3xe4 Qd8d4
5.Nb1c3 Bf8b4
6.Ng1e2 Qd4d8
7.Bc1b2 Ng8f6
8.f3 Nf6xe4
9.Nc3xe4 O-O
10.O-O f5
11.Bb2c3 Bb4xc3
12.Ne4xc3 Nb8d7
13.d4 c5
14.a4 cxd4
15.Qd1xd4 Nd7f6
16.Qd4xd8 Rf8xd8
17.Ra1d1 Bc8d7
18.Ne2f4 e5
19.Nf4d5 Kf7
20.Nd5xf6 Kxf6
21.Nc3d5 Kf7
22.Rf1e1 e4
23.fxe4 fxe4
24.Re1xe4 b5
25.Re4d4 Bd7c6
26.Rd1f1 { resign }
1-0

[Event "Tourn. n9472"]
[Site "www.chess-mail.com"]
[Date "2017.09.26"]
[Round "1"]
[White "Fantomas"]
[Black "Sorim"]
[WhiteElo "1960"]
[BlackElo "1930"]
[Result "1/2-1/2"]
[Round "1"]
1.Ng1f3 c5
2.e4 Nb8c6
3.d4 cxd4
4.Nf3xd4 e5
5.Nd4b3 Ng8f6
6.f3 d5
7.exd5 Nf6xd5
8.c3 Bf8e7
9.Bf1d3 O-O
10.Bc1d2 Be7h4
11.g3 Bh4e7
12.Qd1c2 Nd5f6
13.Bd2e3 Bc8h3
14.Nb1d2 Qd8c7
15.O-O-O Nf6d5
16.Be3f2 Be7g5
17.Rd1e1 Bh3g2
18.Bd3xh7 Kh8
19.Rh1g1 Bg2xf3
20.Bh7e4 Bf3xe4
21.Qc2xe4 Nc6b4
22.Kb1 Qc7xc3
23.Qe4f5 Bg5xd2
24.Qf5h5 Kg8
25.bxc3 Nd5xc3
26.Kb2 Nb4d3
27.Kc2 g6
28.Qh5f3 Bd2xe1
29.Bf2xe1 e4
30.Qf3g2 Nd3xe1
31.Rg1xe1 Ra8c8
32.Kb2 Nc3a4
33.Ka3 Na4c3
34.g4 Rc8c6
35.Nb3c1 Rc6b6
36.Nc1b3 Rb6a6
37.Kb4 Rf8c8
38.Nb3c5 Nc3d5
39.Kb5 Ra6xa2
40.Qg2g3 b6
{ draw }
1/2-1/2

[Event "Match"]
[Site "www.echecsemail.com"]
[Date "2017.09.26"]
[Round "1"]
[White "Karlgrocer"]
[Black "Begory"]
[WhiteElo "2030"]
[BlackElo "999"]
[Result "1-0"]
[Round "1"]
1.d4 d5
2.Ng1f3 Bc8f5
3.e3 Nb8c6
4.a3 e6
5.Bf1e2 Bf8d6
6.Nb1d2 Ng8f6
7.c4 dxc4
8.Nd2xc4 e5
9.dxe5 Bd6xe5
10.Qd1xd8 Ra8xd8
11.O-O O-O
12.Nf3xe5 Nc6xe5
13.Nc4xe5 Rf8e8
14.Ne5f3 Rd8d7
15.Bc1d2 Nf6e4
16.Bd2b4 c5
17.Bb4c3 Ne4f6
18.Bc3xf6 gxf6
19.Be2b5 a6
20.Bb5xd7 Bf5xd7
21.Rf1e1 Kg7
22.Re1d1 Bd7a4
23.Rd1c1 b6
24.Nf3d2 Ba4c6
25.Nd2c4 b5
26.Nc4a5 Bc6e4
27.Rc1xc5 Re8d8
28.Ra1c1 Rd8d2
29.b4 Rd2d6
30.f3 Be4d3
31.Rc1d1 { resign }
1-0

[Event "Match"]
[Site "www.echecsemail.com"]
[Date "2017.09.26"]
[Round "1"]
[White "Mitja"]
[Black "Ssharp"]
[WhiteElo "2060"]
[BlackElo "2190"]
[Result "0-1"]
[Round "1"]
1.d4 e6
2.e3 d5
3.c3 c5
4.dxc5 Bf8xc5
5.Nb1d2 Ng8f6
6.Nd2b3 Bc5d6
7.Ng1f3 Nb8c6
8.Nf3d4 e5
9.Nd4xc6 bxc6
10.Bf1e2 Bc8f5
11.Be2d3 e4
12.Bd3e2 O-O
13.h3 Qd8b6
14.Nb3d4 Bf5d7
15.b3 c5
16.Nd4c2 a5
17.Bc1b2 Bd6e5
18.Ra1b1 Qb6a7
19.Nc2a3 Ra8b8
20.c4 d4
21.exd4 cxd4
22.Na3c2 d3
23.Bb2xe5 dxc2
24.Qd1xc2 Bd7f5
25.Be5xb8 Qa7xb8
26.O-O Qb8f4
27.g3 Qf4h6
28.Be2g4 Bf5xg4
29.hxg4 Nf6xg4
30.f3 Ng4e3
31.Qc2h2 Qh6xh2
32.Kxh2 Ne3xf1
33.Rb1xf1 exf3
34.Rf1xf3 f5
35.a4 g6
36.Kg2 Rf8e8
37.Kf2 Re8e5
38.Rf3e3 Re5c5
39.Kf3 Kf7
40.Kf4 Kf6
41.Re3d3 g5
42.Kf3 h5
43.Rd3d6 Ke5
44.Rd6h6 g4
45.Ke3 Rc5c8
46.Kd3 Rc8d8
47.Ke3 Rd8b8
48.Rh6xh5 Rb8xb3
49.Kf2 Rb3c3
50.Rh5h7 Rc3xc4
51.Rh7e7 Kd4
52.Re7f7 Ke5
53.Rf7e7 Kf6
{ resign }
0-1

[Event "Match"]
[Site "www.echecsemail.com"]
[Date "2017.09.26"]
[Round "1"]
[White "Theo64"]
[Black "Dussek"]
[WhiteElo "1729"]
[BlackElo "1870"]
[Result "1-0"]
[Round "1"]
1.e4 e6
2.d4 d5
3.Nb1c3 dxe4
4.Nc3xe4 Bf8e7
5.Ng1f3 Ng8f6
6.Ne4xf6 Be7xf6
7.c3 Nb8c6
8.Bf1d3 O-O
9.O-O b6
10.Bc1f4 Bc8b7
11.Qd1c2 g6
12.Rf1e1 Bf6g7
13.Nf3e5 Nc6xe5
14.Bf4xe5 Qd8d5
15.Bd3e4 Qd5d7
16.Be4xb7 Ra8b8
17.Be5xg7 Kxg7
18.Bb7f3 Rf8d8
19.Ra1d1 Qd7e7
20.d5 Qe7f8
21.dxe6 fxe6
22.Re1xe6 Rd8e8
23.Rd1d7 Kg8
24.Re6xg6 Kh8
25.Rd7xh7 Kxh7
26.Rg6f6 { resign }
1-0

[Event "Match"]
[Site "www.echecsemail.com"]
[Date "2017.09.26"]
[Round "1"]
[White "Fangshuo"]
[Black "Apdash"]
[WhiteElo "2060"]
[BlackElo "1949"]
[Result "0-1"]
[Round "1"]
1.e4 e5
2.Ng1f3 Nb8c6
3.Nb1c3 Ng8f6
4.d4 exd4
5.Nf3xd4 Nc6xd4
6.Qd1xd4 d6
7.Bc1g5 Bf8e7
8.O-O-O h6
9.Bg5h4 Bc8e6
10.f4 O-O
11.f5 Be6d7
12.Bf1e2 Nf6h7
13.Bh4xe7 Qd8xe7
14.h4 Bd7c6
15.g4 Rf8e8
16.Be2d3 Qe7e5
17.Qd4f2 b5
18.Rd1e1 a5
19.g5 h5
20.Rh1g1 b4
21.Nc3d5 Ra8c8
22.f6 Bc6xd5
23.exd5 Qe5xd5
24.g6 Re8xe1
25.Rg1xe1 Nh7xf6
26.b3 Qd5b7
27.Re1g1 c5
28.gxf7 Qb7xf7
29.Bd3g6 Qf7e7
30.Rg1e1 Qe7c7
31.Qf2e2 d5
32.Qe2e6 Kh8
33.Re1e5 c4
34.Bg6xh5 cxb3
35.Bh5g6 bxa2
36.Kb2 b3
{ resign }
0-1

[Event "Match"]
[Site "www.echecsemail.com"]
[Date "2017.09.26"]
[Round "1"]
[White "Biggles"]
[Black "Apdash"]
[WhiteElo "2150"]
[BlackElo "1920"]
[Result "1/2-1/2"]
[Round "1"]
1.e4 c5
2.Ng1f3 d6
3.d4 cxd4
4.Nf3xd4 Bc8d7
5.Nb1c3 a6
6.Bf1e2 g6
7.O-O Bf8g7
8.Bc1e3 Nb8c6
9.Nd4f3 Ng8f6
10.Qd1d2 Nf6g4
11.Be3g5 h6
12.Bg5h4 g5
13.Bh4g3 Ra8c8
14.h3 Ng4e5
15.Ra1d1 Ne5xf3
16.Be2xf3 Nc6e5
17.Bf3h5 O-O
18.Nc3d5 Bd7e6
19.h4 f6
20.hxg5 hxg5
21.Bg3xe5 dxe5
22.Qd2e3 Be6xd5
23.Rd1xd5 Qd8c7
24.Rf1d1 Rf8d8
25.Bh5g6 e6
26.Rd5d2 Bg7f8
27.Qe3h3 Rd8xd2
28.Rd1xd2 Qc7e7
29.Rd2d6 g4
30.Qh3h5 Rc8xc2
31.Rd6d8 Rc2c7
32.Rd8e8 Qe7c5
33.Qh5xg4 Qc5c1
34.Kh2 Qc1h6
35.Kg3 Qh6f4
{ draw }
1/2-1/2

[Event "1/128 Finale"]
[Site "www.chess-mail.com"]
[Date "2017.09.26"]
[Round "1"]
[White "Cristiano"]
[Black "Osopanda"]
[WhiteElo "1550"]
[BlackElo "1610"]
[Result "1-0"]
[Round "1"]
1.e4 d6
2.d4 Ng8f6
3.Nb1c3 Nb8d7
4.f4 e5
5.Ng1f3 exd4
6.Nf3xd4 Bf8e7
7.Bf1c4 O-O
8.O-O c6
9.Kh1 Rf8e8
10.Bc4b3 Nd7c5
11.Qd1e2 Bc8g4
12.Nd4f3 Be7f8
13.e5 dxe5
14.fxe5 Nf6d5
15.Nc3xd5 cxd5
16.Bc1f4 Nc5e4
17.Qe2d3 Ne4c5
18.Qd3xd5 Qd8xd5
19.Bb3xd5 Ra8d8
20.Bd5c4 Bg4e6
21.Bc4b5 Be6d7
22.Bb5c4 Bd7e6
23.Bc4xe6 Nc5xe6
24.Bf4e3 b6
25.a3 Rd8d5
26.Ra1d1 Re8d8
27.Rd1xd5 Rd8xd5
28.h3 Bf8c5
29.Be3g1 a5
30.g3 Bc5xg1
31.Kxg1 Kf8
32.Rf1e1 Rd5c5
33.Re1e2 b5
34.Kf2 Ke7
35.c3 b4
36.axb4 axb4
37.Re2c2 bxc3
38.bxc3 f6
39.exf6 gxf6
40.Ke3 Ne6g5
41.h4 Ng5xf3
42.Kxf3 Ke6
43.g4  { time }
1-0

[Event "Tourn. n9514"]
[Site "www.chess-mail.com"]
[Date "2017.09.27"]
[Round "1"]
[White "Bira47"]
[Black "Claymil"]
[WhiteElo "2040"]
[BlackElo "2060"]
[Result "1/2-1/2"]
[Round "1"]
1.c4 c5
2.g3 Nb8c6
3.Bf1g2 g6
4.Nb1c3 Bf8g7
5.e3 e6
6.Ng1e2 Ng8e7
7.O-O O-O
8.d4 cxd4
9.exd4 a6
10.a3 b6
11.d5 Nc6a5
12.b4 Na5xc4
13.dxe6 Ra8b8
14.exf7 Rf8xf7
15.Nc3d5 Bg7xa1
16.Nd5xe7 Qd8xe7
17.Bg2d5 b5
18.Bd5xf7 Qe7xf7
19.Ne2f4 Bc8b7
20.Qd1g4 Ba1g7
21.Rf1d1 d5
22.Nf4e6 Nc4e5
23.Qg4h3 Bb7c8
24.Ne6g5 Bc8xh3
25.Ng5xf7 Kxf7
26.f4 Ne5c4
27.Rd1xd5 Rb8e8
28.Kf2 Re8e6
29.Rd5d7 Kf6
30.Bc1d2 Nc4xa3
31.Bd2c3 Kf5
32.Rd7xg7 h5
33.Rg7f7 Ke4
34.Rf7d7 Na3c4
35.Rd7d4 Kf5
36.Rd4d5 Ke4
37.Rd5d4 Kf5
38.Rd4d5 Ke4
39.Rd5d4 Kf5
40.Rd4d5 Ke4
41.Rd5d4 { draw }
1/2-1/2

[Event "Tourn. n9532"]
[Site "www.chess-mail.com"]
[Date "2017.09.27"]
[Round "1"]
[White "Luban"]
[Black "Claymil"]
[WhiteElo "2090"]
[BlackElo "2120"]
[Result "1-0"]
[Round "1"]
1.d4 d5
2.Ng1f3 h6
3.h3 e6
4.a3 g6
5.e3 Bf8g7
6.c4 c6
7.Nb1c3 Ng8e7
8.Bf1d3 dxc4
9.Bd3xc4 O-O
10.O-O Nb8d7
11.e4 b5
12.Bc4a2 Bc8b7
13.Bc1e3 a5
14.Qd1d2 Kh7
15.Ra1d1 Qd8c7
16.Be3f4 Qc7c8
17.Bf4d6 Rf8e8
18.Nf3e5 Nd7b6
19.Ne5xf7 Qc8d7
20.Rf1e1 Ne7c8
21.Qd2f4 Nc8xd6
22.Nf7xd6 e5
23.dxe5 Bg7xe5
24.Qf4f7 Qd7xf7
25.Nd6xf7 Be5c7
26.e5 b4
27.Nc3e4 Kg7
28.Nf7d6 Re8b8
29.Nd6xb7 Rb8xb7
30.Ne4c5 Rb7b8
31.Nc5e6 { resign }
1-0

[Event "Tourn. n9339"]
[Site "www.chess-mail.com"]
[Date "2017.09.27"]
[Round "1"]
[White "Sachpat"]
[Black "Stepanpech"]
[WhiteElo "2780"]
[BlackElo "2460"]
[Result "1/2-1/2"]
[Round "1"]
1.e4 c5
2.Ng1f3 Nb8c6
3.d4 cxd4
4.Nf3xd4 Ng8f6
5.Nb1c3 e5
6.Nd4b5 d6
7.Bc1g5 a6
8.Nb5a3 b5
9.Bg5xf6 gxf6
10.Nc3d5 f5
11.Bf1d3 Bc8e6
12.O-O Be6xd5
13.exd5 Nc6e7
14.c3 Bf8g7
15.Qd1h5 e4
16.Bd3e2 O-O
17.Na3c2 f4
18.Qh5g5 Ne7g6
19.Qg5xd8 Rf8xd8
20.a4 Ng6e5
21.Rf1b1 Ne5c4
22.Be2xc4 bxc4
23.g3 Rd8e8
24.Rb1e1 Ra8b8
25.Ra1b1 f3
26.Nc2e3 Rb8c8
27.Ne3f5 Bg7f8
28.h3 Re8e5
29.g4 h5
30.Rb1d1 hxg4
31.hxg4 Rc8b8
32.Rd1d4 Bf8g7
33.Re1xe4 Re5xf5
34.gxf5 Bg7xd4
35.Re4xd4 Rb8xb2
36.Rd4xc4 Rb2d2
37.Rc4c6 Rd2xd5
38.Rc6xa6 Rd5d2
39.a5 Kg7
40.c4 Kf6
41.c5 Kxf5
42.Ra6xd6 Rd2a2
43.a6 Ke5
44.Rd6b6 f5
45.c6 Kd6
46.c7 { draw }
1/2-1/2

[Event "Tourn. n9486"]
[Site "www.chess-mail.com"]
[Date "2017.09.27"]
[Round "1"]
[White "Luban"]
[Black "Karousek"]
[WhiteElo "2120"]
[BlackElo "2090"]
[Result "1/2-1/2"]
[Round "1"]
1.d4 Ng8f6
2.c4 g6
3.e3 d5
4.Nb1c3 dxc4
5.Bf1xc4 Bf8g7
6.Ng1f3 O-O
7.O-O c5
8.b3 Nb8c6
9.Bc1b2 cxd4
10.Nf3xd4 Nc6xd4
11.Qd1xd4 Bc8f5
12.Ra1d1 Qd8a5
13.Nc3d5 Rf8e8
14.Bb2c3 Qa5d8
15.Nd5xf6 Bg7xf6
16.Qd4xd8 Re8xd8
17.Bc3xf6 exf6
18.h3 a6
19.f3 b5
20.Bc4d5 Ra8c8
21.e4 Bf5e6
22.Bd5xe6 fxe6
23.Rd1xd8 Rc8xd8
24.Rf1f2 Kf7
25.Rf2c2 Ke7
26.Rc2c7 Rd8d7
27.Rc7xd7 Kxd7
28.b4 e5
29.Kf2 h5
30.Ke3 h4
31.f4 Ke6
32.Kf3 exf4
33.Kxf4 g5
34.Ke3 Ke5
35.a3 Ke6
36.Kd4 Kd6
37.Kd3 Ke5
38.Ke3 Ke6
39.Kd4 Kd6
40.Kd3 Ke5
41.Ke3 Ke6
42.Kd4 Kd6
43.Kd3 Ke6
44.Kd4 Kd6
45.Kd3 { draw }
1/2-1/2

[Event "Tourn. n9459"]
[Site "www.chess-mail.com"]
[Date "2017.09.27"]
[Round "1"]
[White "Odin"]
[Black "Ditto"]
[WhiteElo "1820"]
[BlackElo "1860"]
[Result "1-0"]
[Round "1"]
1.d4 d5
2.c4 c6
3.Nb1c3 Bc8f5
4.Ng1f3 e6
5.Bc1f4 Bf8b4
6.Qd1b3 Bb4d6
7.Nf3e5 Ng8f6
8.Qb3xb7 Nb8d7
9.Bf4g5 O-O
10.Ne5xc6 Qd8e8
11.c5 Bd6e7
12.Nc6xe7 Qe8xe7
13.g3 a5
14.e4 dxe4
15.c6 Ra8b8
16.Qb7a7 Qe7b4
17.cxd7 Nf6d5
18.Bg5d2 Qb4xb2
19.Ra1b1 Qb2a3
20.Rb1xb8 h6
21.Nc3xd5 exd5
22.Qa7xa5 Qa3f3
23.Rb8xf8 Kh7
24.d8Q Qf3xh1
25.Qd8h4 Qh1f3
26.Rf8xf7 e3
27.Bd2xe3 Bf5c2
28.Qh4xh6 { resign }
1-0

[Event "Tourn. n9502"]
[Site "www.chess-mail.com"]
[Date "2017.09.27"]
[Round "1"]
[White "Thrillerfan"]
[Black "Szustan"]
[WhiteElo "2340"]
[BlackElo "2520"]
[Result "0-1"]
[Round "1"]
1.e4 e5
2.Ng1f3 Nb8c6
3.Bf1c4 Ng8f6
4.d3 Bf8e7
5.c3 O-O
6.O-O d5
7.exd5 Nf6xd5
8.Bc4b3 Bc8g4
9.Nb1d2 Nd5f4
10.d4 exd4
11.Nd2e4 Nf4e6
 { time }
0-1

[Event "Tourn. n9412"]
[Site "www.chess-mail.com"]
[Date "2017.09.27"]
[Round "1"]
[White "Pdebonis"]
[Black "Szustan"]
[WhiteElo "2710"]
[BlackElo "2550"]
[Result "1-0"]
[Round "1"]
1.e4 e5
2.Ng1f3 Nb8c6
3.Nb1c3 Ng8f6
4.d4 exd4
5.Nc3d5 Nf6xe4
6.Bf1d3 Ne4c5
7.O-O Nc5e6
8.Rf1e1 Bf8e7
9.Bc1d2 O-O
10.c3 dxc3
11.Bd2xc3 d6
12.Qd1c2 h6
13.Qc2e2 Bc8d7
14.Bd3c2 Rf8e8
15.Ra1d1 Ne6f8
16.Qe2c4 Bd7e6
17.Re1xe6 fxe6
18.Qc4g4 Be7g5
19.h4 exd5
20.hxg5 Qd8d7
21.Qg4h5 Qd7f7
22.g6 Qf7d7
23.Rd1xd5 Nc6e7
24.Nf3e5 dxe5
25.Rd5xd7 Nf8xd7
26.Qh5f3 Nd7f6
27.Qf3xb7 Ra8b8
28.Bc2b3 Kh8
29.Qb7xa7 Rb8a8
30.Qa7c5 Nf6e4
31.Qc5xe5 Ne4xc3
32.Qe5xc3 Ne7xg6
33.g3 Ng6e7
34.a4 c6
35.Qc3c5 Ne7g8
36.Qc5xc6 Ra8c8
37.Qc6d6 Re8d8
38.Qd6a3 Ng8f6
39.Bb3e6 Rc8c1
40.Kg2 Rc1d1
41.a5 Rd1d3
42.b3 Rd3d2
43.Qa3a4 Rd2d4
44.Qa4c6 Rd4d6
45.Qc6c7 Nf6d5
46.Be6xd5 Rd6d7
47.Qc7b6 Rd7d6
48.Bd5c6 Rd8c8
49.a6 { resign }
1-0

[Event "Tourn. n9524"]
[Site "www.chess-mail.com"]
[Date "2017.09.27"]
[Round "1"]
[White "Norlavuaram"]
[Black "Luban"]
[WhiteElo "2070"]
[BlackElo "2140"]
[Result "1-0"]
[Round "1"]
1.e4 c5
2.Ng1f3 d6
3.d4 cxd4
4.Nf3xd4 Ng8f6
5.Nb1c3 a6
6.Bf1e2 e6
7.O-O Bf8e7
8.Bc1e3 Bc8d7
9.f4 Nb8c6
10.Be2f3 O-O
11.Qd1d2 Qd8c7
12.Ra1d1 Rf8d8
13.Kh1 e5
14.Nd4f5 Bd7xf5
15.exf5 b5
16.Nc3d5 Nf6xd5
17.Bf3xd5 Be7f6
18.c3 Ra8c8
19.Qd2f2 Rc8b8
20.g4 g6
21.g5 exf4
22.Be3xf4 Bf6e5
23.fxg6 hxg6
24.Qf2g2 Be5xf4
25.Rf1xf4 Kg7
26.Rf4xf7 { resign }
1-0

[Event "Tourn. n9485"]
[Site "www.chess-mail.com"]
[Date "2017.09.27"]
[Round "1"]
[White "Squeakysquaw"]
[Black "Julian"]
[WhiteElo "1499"]
[BlackElo "1590"]
[Result "1-0"]
[Round "1"]
1.d4 d6
2.e4 Ng8f6
3.Nb1c3 Nb8d7
4.Ng1f3 e5
5.Bf1c4 Bf8e7
6.Nf3g5 O-O
7.O-O c6
8.Bc1e3 b5
9.Bc4d3 exd4
10.Be3xd4 Nd7e5
11.Bd3e2 b4
12.Nc3b1 c5
13.Bd4e3 h6
14.Ng5f3 Qd8c7
15.Nb1d2 Bc8e6
16.Nf3xe5 dxe5
17.Nd2c4 Nf6xe4
18.f3 Ne4d6
{ time. }
1-0

[Event "Tourn. n9523"]
[Site "www.chess-mail.com"]
[Date "2017.09.27"]
[Round "1"]
[White "Robinjut"]
[Black "Pachi"]
[WhiteElo "1670"]
[BlackElo "1580"]
[Result "1-0"]
[Round "1"]
1.e4 e5
2.Ng1f3 d6
3.h3 b6
4.Nb1c3 Bc8b7
5.d3 d5
6.Bf1e2 Ng8f6
7.Bc1g5 h6
8.Bg5xf6 Qd8xf6
9.a3 dxe4
10.Nc3xe4 Qf6e6
11.O-O f5
12.Ne4c3 e4
13.Nf3d4 Qe6g6
14.Be2h5 Kf7
15.Bh5xg6 Kxg6
16.Nd4e6 Bf8d6
17.dxe4 fxe4
18.Qd1g4 Kf6
19.Nc3xe4 Ke7
20.Ne6xg7 Rh8g8
21.Qg4e6 Kf8
22.Qe6f6 
1-0

[Event "Match"]
[Site "www.echecsemail.com"]
[Date "2017.09.27"]
[Round "1"]
[White "Cjood"]
[Black "Azorau"]
[WhiteElo "1930"]
[BlackElo "1890"]
[Result "1-0"]
[Round "1"]
1.d4 e6
2.Nb1c3 Bf8b4
3.Qd1d3 Ng8f6
4.f3 a5
5.a3 Bb4xc3
6.Qd3xc3 Nf6d5
7.Qc3d3 Nb8c6
8.e4 Nd5e7
9.c3 b6
10.Bc1e3 Bc8a6
11.c4 O-O
12.b3 f5
13.exf5 Ne7xf5
14.Be3f2 Nf5d6
15.g4 b5
16.Qd3c3 b4
17.axb4 axb4
18.Qc3b2 Nd6f7
19.Bf1d3 Qd8e8
20.f4 d5
21.Ng1f3 Nf7h6
22.g5 Nh6g4
23.Bf2g3 Nc6e7
24.h3 Ng4e3
25.Qb2e2 Ne3f5
26.Qe2xe6 Kh8
27.Kf2 Ba6c8
28.Ra1xa8 Bc8xe6
29.Ra8xe8 Rf8xe8
30.Rh1e1 Be6f7
31.c5 c6
32.Bd3xf5 Ne7xf5
33.Re1xe8 Bf7xe8
34.h4 Be8h5
35.Nf3e5 Nf5xd4
36.Ke3 Nd4xb3
37.Ne5xc6 Bh5f7
38.Nc6xb4 Nb3xc5
39.Kd4 Nc5e4
40.Bg3e1 Ne4g3
41.Be1xg3 Bf7e6
42.Nb4xd5 Be6xd5
43.Kxd5 g6
44.Ke6 Kg7
45.Ke5 Kf7
46.f5 Kg7
47.Ke6 h6
48.f6 Kf8
49.Bg3d6 Ke8
50.f7 { resign }
1-0

[Event "Match"]
[Site "www.echecsemail.com"]
[Date "2017.09.27"]
[Round "1"]
[White "Apdash"]
[Black "Estonia"]
[WhiteElo "2049"]
[BlackElo "1990"]
[Result "1-0"]
[Round "1"]
1.d4 Ng8f6
2.c4 e6
3.Ng1f3 d5
4.Bc1g5 Bf8e7
5.Nb1c3 c6
6.e3 Nb8d7
7.cxd5 exd5
8.Bf1e2 O-O
9.O-O h6
10.Bg5f4 Nd7b6
11.h3 Nf6e4
12.Nf3e5 Be7g5
13.Bf4h2 Nb6d7
14.f4 Bg5e7
15.Be2d3 Nd7xe5
16.fxe5 Ne4xc3
17.bxc3 f5
18.Qd1h5 Be7g5
19.Bh2f4 Bg5xf4
20.Rf1xf4 Bc8e6
21.Ra1f1 Qd8a5
22.Bd3xf5 Be6xf5
23.Rf4xf5 Rf8xf5
24.Qh5xf5 Qa5xc3
25.Qf5f7 Kh8
26.Rf1f3 Qc3a1
27.Kh2 Qa1xa2
28.Qf7xb7 a5
29.Qb7xa8 Kh7
30.Qa8a7 { resign }
1-0

[Event "Match"]
[Site "www.echecsemail.com"]
[Date "2017.09.27"]
[Round "1"]
[White "Pforjan"]
[Black "Apdash"]
[WhiteElo "2399"]
[BlackElo "1949"]
[Result "1-0"]
[Round "1"]
1.f4 e5
2.fxe5 d6
3.exd6 Bf8xd6
4.Ng1f3 Bc8g4
5.e3 Ng8f6
6.Bf1c4 Nb8c6
7.d4 O-O
8.O-O Qd8d7
9.Nb1c3 Nc6a5
10.Bc4e2 Ra8d8
11.e4 Bd6b4
12.e5 Nf6d5
13.Nc3xd5 Qd7xd5
14.c3 Bb4e7
15.b4 Na5c6
16.Qd1c2 b5
17.Bc1e3 a5
18.a3 Kh8
19.Kh1 f5
20.Be3g5 Be7xg5
21.Nf3xg5 Bg4xe2
22.Qc2xe2 h6
23.Ng5h3 g5
24.Nh3xg5 Nc6e7
25.Qe2h5 Ne7g8
26.Rf1f3 Rd8d7
27.e6 Rd7e7
28.Ng5f7 Re7xf7
29.exf7 Rf8xf7
30.Ra1f1 Rf7g7
31.Qh5xf5 Qd5b3
32.Qf5e5 Qb3c2
33.Rf3g3 { resign }
1-0

[Event "Match"]
[Site "www.echecsemail.com"]
[Date "2017.09.27"]
[Round "1"]
[White "Coraza"]
[Black "Irene"]
[WhiteElo "1810"]
[BlackElo "2100"]
[Result "0-1"]
[Round "1"]
1.e4 e5
2.Ng1f3 Nb8c6
3.Bf1c4 Ng8f6
4.Nf3g5 d5
5.exd5 Nf6xd5
6.d3 Bf8e7
7.Ng5xf7 Kxf7
8.Qd1f3 Ke6
9.Nb1c3 Nc6b4
10.Qf3d1 c6
11.Qd1g4 Kd6
12.Qg4d1 Be7g5
13.Bc4xd5 cxd5
14.O-O Bg5h4
15.Nc3b5 Kc6
16.a4 a6
17.Nb5c3 Rh8f8
18.Qd1e2 Qd8f6
19.f3 Bc8e6
20.Nc3d1 Be6f5
21.a5 Ra8c8
22.Qe2d2 Nb4xc2
23.Qd2xc2 Kd6
24.Qc2b3 Rc8c7
25.Qb3b4 Kd7
26.Nd1e3 Bf5e6
27.Qb4a4 Rc7c6
28.Bc1d2 Qf6g6
29.Qa4xh4 Qg6xd3
30.Qh4f2 d4
31.Ne3d1 Rc6c2
32.Qf2g3 Qd3xd2
33.Rf1f2 Qd2e1
34.Rf2f1 Qe1xg3
35.hxg3 Be6b3
36.Nd1f2 Ke6
37.Ra1e1 Bb3c4
38.Re1c1 d3
39.Rc1xc2 dxc2
40.Rf1c1 Bc4b3
41.Nf2d3 Rf8d8
42.Nd3c5 Kf6
43.Nc5xb3 Rd8d1
44.Rc1xd1 cxd1Q
45.Kh2 Qd1xb3
46.Kh3 Qb3xb2
{ resign }
0-1